Hãy tự mình thắp đuốc lên mà đi Tuyển tập

में बचाया:
ग्रंथसूची विवरण
मुख्य लेखक: Thích Minh Châu
स्वरूप: पुस्तक
भाषा:Undetermined
प्रकाशित: Tp. HCM Nxb. Tp. HCM 2000
विषय:
टैग : टैग जोड़ें
कोई टैग नहीं, इस रिकॉर्ड को टैग करने वाले पहले व्यक्ति बनें!
Thư viện lưu trữ: Trung tâm Học liệu Trường Đại học Cần Thơ
LEADER 00523nam a2200181Ia 4500
001 CTU_36305
008 210402s9999 xx 000 0 und d
082 |a 294.3 
082 |b Th302 
100 |a Thích Minh Châu 
245 0 |a Hãy tự mình thắp đuốc lên mà đi 
245 0 |b Tuyển tập 
245 0 |c Thích Minh Châu 
260 |a Tp. HCM 
260 |b Nxb. Tp. HCM 
260 |c 2000 
650 |a buddhism - vietnam - history 
980 |a Trung tâm Học liệu Trường Đại học Cần Thơ